| 000 | 01019cab a2200265 4500 | ||
|---|---|---|---|
| 001 | X3289 | ||
| 008 | 090401t1996 xxu||||| |||| 00| 0 eng d | ||
| 035 | _a(Sirsi) u29627 | ||
| 041 | _aeng | ||
| 245 | _aWellingborough BC v Laurence Spiers Property | ||
| 260 | _c1996 | ||
| 350 | _a0 | ||
| 490 |
_aPlanning Appeal Decisions _v[1996] 11 PAD 134-139(6) |
||
| 520 | _aDecision letter 29 November 1995. Dismissed appeal against council decision to refuse outline planning permission for the retention and refurbishment of an existing factory and the erection of 35 residential units. | ||
| 650 | _aEMPLOYMENT STRATEGIES | ||
| 650 | _aFACTORY | ||
| 650 | _aLOCAL DEVELOPMENT PLANS | ||
| 650 | _aBUILT ENVIRONMENT-BUILDING MAINTENANCE AND REFURBISHMENT | ||
| 650 | _aTOWN AND COUNTRY PLANNING ACT 1990 S106 | ||
| 650 | _aTOWN AND COUNTRY PLANNING ACT 1990 S78 | ||
| 650 | _aWELLINGBOROUGH BC V LAURENCE SPIERS PROPERTY | ||
| 690 | _aPLANNING LAW AND PRACTICE-CASE LAW | ||
| 942 | _n0 | ||
| 948 | _c04/03/1997 | ||
| 999 |
_c19933 _d19933 |
||